00510nam a2200193 a 4500001001300000003000900013005001700022008004100039020002300080082001500103100001700118245002100135260003800156300000900194500003500203505004900238650001200287700001700299nice12345678IN_TiNIC20260116013224.0050524s1998 dela grp 000 0 eng  a812023X c35000a335.4bASH aAsh, William aMarxist Morality aDelhibAjanta Publications c1998 a304p aincludes index and biblioraphy2 aAppemdix, Glossary, General Biography, Index aMarxism1 aAsh, William